000
00279nam a2200109Ia 4500
008
231107s1992 xx 000 0 und d
041
_a
eng
082
_a
720.284
100
_a
Garcia,Nicolas
245
_a
Learning Architectural Drafting
260
_a
Canada
_b
Delmar Learning
_c
1992
999
_c
921800
_d
921800